000 00543nam a22001817a 4500
003 0
005 20230824083452.0
008 230824b xxu||||| |||| 00| 0 eng d
020 _a978-971-506-894-9
050 _aPL 6063
_b.L44 2022
100 _aLee, Ricky
245 _aMga screenplay ni Ricky Lee
_cRicky Lee
260 _aManila
_bUniversity of Santo Tomas Publishing House
_cc2022
300 _avi, 318 pages ;
_c23 cm.
_fvol. 2
500 _aPhilippine drama (Filipino).
650 _aPhilippine drama (Filipino).
942 _2lcc
_cBK
999 _c365200
_d365200